La guerre froide - Statistiques

Statistiques générales
  • Ce quiz a été pris 457 fois
  • Le résultat moyen est 7 sur 15
Statistiques - réponses
Questions Réponses % Correct
De quelle couleur est le téléphone installé pour communiquer entre le Kremlin et la Maison Blanche après la Crise de Cuba? Rouge
89%
Quel édifice est érigé en conséquence? mur de Berlin
77%
Quel pays menace les occidentaux d'une riposte nucléaire durant ces événements URSS
77%
En quelle année a eu lieu la crise de Berlin? 1961
69%
Quel dirigeant soviétique entreprend la déstalinisation ? Khrouchtchev
55%
Qui annonce la nationalisation du Canal de Suez en juillet 1956? Nasser
48%
Dans quelle baie a lieu la tentative de débarquement d'exilés cubains entrainés par la CIA en aout 1961? la baie des cochons
47%
Quel État dirigeait Ben Gourion ? Israël
45%
Quel festival hippie a lieu en 1969? Woodstock
39%
En quelle année Nixon se rend t-il en Chine ? 1972
38%
En quelle année débute la révolution culturelle chinoise ? 1966
28%
Quel dictateur Fidel Castro renverse t-il du pouvoir? Batista
28%
Quel président américain fait adopter le Civil Rights Act ? Johnson
22%
Quelle politique Willy Brandt (chancelier de la RFA) met-il en place dès1969 ? Ostpolitik
19%
Que se produit t-il entre le 23 octobre 1956 et le 11 novembre 1956 ? l'insurrection de Budapest
0%
Aucun quiz correspondant
Distribution des résultats
% des personnes avec chaque résultat
Percentile par nombre de réponses
Votre historique - résultats
Vous n’avez pas pris ce quiz